01109 2200325 4500001002100000005001500021035002000036007000300056008004100059020001800100020001800118082001200136084001800148100003400166245005400200250001400254300003800268520023200306600003100538264004400569336002100613337003000634338002300664990001600687990001600703990001600719990001600735990001600751990001600767INLIS00000000000001020260417033826 a0010-0426000009ta260417 g 0 ind  a9786230002144 a9786230002113 a005.369 a005.369 JUB s0 aJubilee EnterpriseePengarang1 a121 tip & trik MS word 2019 /cJubilee Enterprise aCetakan 1 a218 :bIlustrasi ;c14 cm x 21 cm aPanduan praktis yang berisi kumpulan teknik untuk mempercepat dan mempermudah pekerjaan dokumen. Buku setebal 200+ halaman ini membahas berbagai solusi teknis, mulai dari dasar hingga fitur lanjutan MS Word 2019 secara ringkas. 4aKomputer - Perangkat Lunak aJakarta :bElex Media Komputindo,c2019 2rdacontentaTeks 2rdamediaaTanpa perantara 2rdacarrieraVolume aPP000028/19 aPP000029/19 aPP000030/19 aPP000031/19 aPP000032/19 aPP000387/19